<?xml version="1.0" encoding="UTF-8"?>
<record
    xmlns:xsi="http://www.w3.org/2001/XMLSchema-instance"
    xsi:schemaLocation="http://www.loc.gov/MARC21/slim http://www.loc.gov/standards/marcxml/schema/MARC21slim.xsd"
    xmlns="http://www.loc.gov/MARC21/slim">

  <leader>01154nam a2200265   4500</leader>
  <datafield tag="010" ind1=" " ind2=" ">
    <subfield code="a">A-169764</subfield>
  </datafield>
  <datafield tag="020" ind1=" " ind2=" ">
    <subfield code="c">100.00</subfield>
  </datafield>
  <datafield tag="035" ind1=" " ind2=" ">
    <subfield code="a">A-169764</subfield>
  </datafield>
  <datafield tag="037" ind1=" " ind2=" ">
    <subfield code="b">Cen Lib / Ret</subfield>
  </datafield>
  <datafield tag="040" ind1=" " ind2=" ">
    <subfield code="a">DPL</subfield>
    <subfield code="b">HN</subfield>
  </datafield>
  <datafield tag="082" ind1=" " ind2=" ">
    <subfield code="a">821</subfield>
    <subfield code="b">&#x939;&#x930;&#x93F;&#x935;&#x902;</subfield>
  </datafield>
  <datafield tag="100" ind1=" " ind2=" ">
    <subfield code="a">&#x939;&#x930;&#x93F;&#x935;&#x902;&#x938; &#x930;&#x93E;&#x92F; &#x92C;&#x91A;&#x94D;&#x91A;&#x928; </subfield>
  </datafield>
  <datafield tag="245" ind1=" " ind2=" ">
    <subfield code="a">&#x92C;&#x91A;&#x94D;&#x91A;&#x928; &#x930;&#x91A;&#x928;&#x93E;&#x935;&#x932;&#x940; /</subfield>
    <subfield code="c">&#x939;&#x930;&#x93F;&#x935;&#x902;&#x938; &#x930;&#x93E;&#x92F; &#x92C;&#x91A;&#x94D;&#x91A;&#x928; ; &#x938;&#x92E;&#x94D;&#x92A;&#x93E;&#x926;&#x915; &#x905;&#x91C;&#x93F;&#x924; &#x915;&#x941;&#x92E;&#x93E;&#x930; </subfield>
  </datafield>
  <datafield tag="246" ind1=" " ind2=" ">
    <subfield code="a">Bachchan Rachnawali /</subfield>
    <subfield code="b">by Harivansh Ray Bachchn ; edied by Ajit Kumar </subfield>
  </datafield>
  <datafield tag="260" ind1=" " ind2=" ">
    <subfield code="a">&#x928;&#x908; &#x926;&#x93F;&#x932;&#x94D;&#x932;&#x940; </subfield>
    <subfield code="b">&#x930;&#x93E;&#x91C;&#x915;&#x92E;&#x932; &#x92A;&#x94D;&#x930;&#x915;&#x93E;&#x936;&#x928; </subfield>
  </datafield>
  <datafield tag="270" ind1=" " ind2=" ">
    <subfield code="a">8, &#x928;&#x947;&#x924;&#x93E;&#x91C;&#x940; &#x938;&#x942;&#x92D;&#x93E;&#x937; &#x92E;&#x93E;&#x930;&#x94D;&#x917; </subfield>
    <subfield code="b">&#x928;&#x908; &#x926;&#x93F;&#x932;&#x94D;&#x932;&#x940; </subfield>
    <subfield code="e">110002</subfield>
  </datafield>
  <datafield tag="300" ind1=" " ind2=" ">
    <subfield code="a">9 v ; v 3. 554 v 2. 565 ; v 4. 453 ; v 5. 501 ; v 6. 491 ; v 7. 491 ;v 8. 581 v 9. 461</subfield>
    <subfield code="b">24cm(Hb)</subfield>
  </datafield>
  <datafield tag="505" ind1=" " ind2=" ">
    <subfield code="a">9 v ; (v.1 not available)</subfield>
  </datafield>
  <datafield tag="650" ind1=" " ind2=" ">
    <subfield code="a">Hindi sahitya </subfield>
  </datafield>
  <datafield tag="650" ind1=" " ind2=" ">
    <subfield code="a">Hindi kavitae </subfield>
  </datafield>
  <datafield tag="650" ind1=" " ind2=" ">
    <subfield code="a">&#x939;&#x93F;&#x928;&#x94D;&#x926;&#x940; &#x938;&#x93E;&#x939;&#x93F;&#x924;&#x94D;&#x92F;</subfield>
  </datafield>
  <datafield tag="650" ind1=" " ind2=" ">
    <subfield code="a">&#x939;&#x93F;&#x902;&#x926;&#x940; &#x915;&#x935;&#x93F;&#x924;&#x93E;</subfield>
  </datafield>
  <datafield tag="700" ind1=" " ind2=" ">
    <subfield code="a">&#x905;&#x91C;&#x93F;&#x924; &#x915;&#x941;&#x92E;&#x93E;&#x930; </subfield>
  </datafield>
  <datafield tag="942" ind1=" " ind2=" ">
    <subfield code="2">ddc</subfield>
    <subfield code="c">HN</subfield>
    <subfield code="h">821</subfield>
    <subfield code="m">&#x939;&#x930;&#x93F;&#x935;&#x902;</subfield>
  </datafield>
  <datafield tag="999" ind1=" " ind2=" ">
    <subfield code="c">122123</subfield>
    <subfield code="d">122123</subfield>
  </datafield>
  <datafield tag="952" ind1=" " ind2=" ">
    <subfield code="0">0</subfield>
    <subfield code="1">0</subfield>
    <subfield code="3">v 9</subfield>
    <subfield code="4">0</subfield>
    <subfield code="7">1</subfield>
    <subfield code="8">REF</subfield>
    <subfield code="a">L</subfield>
    <subfield code="b">L</subfield>
    <subfield code="d">2016-03-02</subfield>
    <subfield code="e">Cen Lib/Ret</subfield>
    <subfield code="g">900.00</subfield>
    <subfield code="l">0</subfield>
    <subfield code="o">821 &#x939;&#x930;&#x93F;&#x935;&#x902;</subfield>
    <subfield code="p">A-169766</subfield>
    <subfield code="r">2016-03-02 00:00:00</subfield>
    <subfield code="v">900.00</subfield>
    <subfield code="w">2016-03-02</subfield>
    <subfield code="y">HN</subfield>
  </datafield>
  <datafield tag="952" ind1=" " ind2=" ">
    <subfield code="0">0</subfield>
    <subfield code="1">0</subfield>
    <subfield code="3">v 2</subfield>
    <subfield code="4">0</subfield>
    <subfield code="7">1</subfield>
    <subfield code="8">REF</subfield>
    <subfield code="a">L</subfield>
    <subfield code="b">L</subfield>
    <subfield code="d">2016-03-02</subfield>
    <subfield code="e">Cen Lib/Ret</subfield>
    <subfield code="g">900.00</subfield>
    <subfield code="l">0</subfield>
    <subfield code="o">821 &#x939;&#x930;&#x93F;&#x935;&#x902;</subfield>
    <subfield code="p">A-169759</subfield>
    <subfield code="r">2016-03-02 00:00:00</subfield>
    <subfield code="v">900.00</subfield>
    <subfield code="w">2016-03-02</subfield>
    <subfield code="y">HN</subfield>
  </datafield>
  <datafield tag="952" ind1=" " ind2=" ">
    <subfield code="0">0</subfield>
    <subfield code="1">0</subfield>
    <subfield code="3">v 5</subfield>
    <subfield code="4">0</subfield>
    <subfield code="7">1</subfield>
    <subfield code="8">REF</subfield>
    <subfield code="a">L</subfield>
    <subfield code="b">L</subfield>
    <subfield code="d">2016-03-02</subfield>
    <subfield code="e">Cen Lib/Ret</subfield>
    <subfield code="g">900.00</subfield>
    <subfield code="l">0</subfield>
    <subfield code="o">821 &#x939;&#x930;&#x93F;&#x935;&#x902;</subfield>
    <subfield code="p">A-169762</subfield>
    <subfield code="r">2016-03-02 00:00:00</subfield>
    <subfield code="v">900.00</subfield>
    <subfield code="w">2016-03-02</subfield>
    <subfield code="y">HN</subfield>
  </datafield>
  <datafield tag="952" ind1=" " ind2=" ">
    <subfield code="0">0</subfield>
    <subfield code="1">0</subfield>
    <subfield code="3">v 4</subfield>
    <subfield code="4">0</subfield>
    <subfield code="7">1</subfield>
    <subfield code="8">REF</subfield>
    <subfield code="a">L</subfield>
    <subfield code="b">L</subfield>
    <subfield code="d">2016-03-02</subfield>
    <subfield code="e">Cen Lib/Ret</subfield>
    <subfield code="g">900.00</subfield>
    <subfield code="l">0</subfield>
    <subfield code="o">821 &#x939;&#x930;&#x93F;&#x935;&#x902;</subfield>
    <subfield code="p">A-169761</subfield>
    <subfield code="r">2016-03-02 00:00:00</subfield>
    <subfield code="v">900.00</subfield>
    <subfield code="w">2016-03-02</subfield>
    <subfield code="y">HN</subfield>
  </datafield>
  <datafield tag="952" ind1=" " ind2=" ">
    <subfield code="0">0</subfield>
    <subfield code="1">0</subfield>
    <subfield code="3">v 7</subfield>
    <subfield code="4">0</subfield>
    <subfield code="7">1</subfield>
    <subfield code="8">REF</subfield>
    <subfield code="a">L</subfield>
    <subfield code="b">L</subfield>
    <subfield code="d">2016-03-02</subfield>
    <subfield code="e">Cen Lib/Ret</subfield>
    <subfield code="g">900.00</subfield>
    <subfield code="l">0</subfield>
    <subfield code="o">821 &#x939;&#x930;&#x93F;&#x935;&#x902;</subfield>
    <subfield code="p">A-169764</subfield>
    <subfield code="r">2016-03-02 00:00:00</subfield>
    <subfield code="v">900.00</subfield>
    <subfield code="w">2016-03-02</subfield>
    <subfield code="y">HN</subfield>
  </datafield>
  <datafield tag="952" ind1=" " ind2=" ">
    <subfield code="0">0</subfield>
    <subfield code="1">0</subfield>
    <subfield code="3">v.8</subfield>
    <subfield code="4">0</subfield>
    <subfield code="7">1</subfield>
    <subfield code="8">REF</subfield>
    <subfield code="a">L</subfield>
    <subfield code="b">L</subfield>
    <subfield code="d">2016-03-04</subfield>
    <subfield code="e">Cen Lib/Ret</subfield>
    <subfield code="g">900.00</subfield>
    <subfield code="l">0</subfield>
    <subfield code="o">821 &#x939;&#x930;&#x93F;&#x935;&#x902;</subfield>
    <subfield code="p">A-169768</subfield>
    <subfield code="r">2016-03-04 00:00:00</subfield>
    <subfield code="t">8</subfield>
    <subfield code="v">100.00</subfield>
    <subfield code="w">2016-03-04</subfield>
    <subfield code="y">HN</subfield>
  </datafield>
  <datafield tag="952" ind1=" " ind2=" ">
    <subfield code="0">0</subfield>
    <subfield code="1">0</subfield>
    <subfield code="3">v.6</subfield>
    <subfield code="4">0</subfield>
    <subfield code="7">1</subfield>
    <subfield code="8">REF</subfield>
    <subfield code="a">L</subfield>
    <subfield code="b">L</subfield>
    <subfield code="d">2016-03-04</subfield>
    <subfield code="e">Cen Lib/Ret</subfield>
    <subfield code="g">900.00</subfield>
    <subfield code="l">0</subfield>
    <subfield code="o">821 &#x939;&#x930;&#x93F;&#x935;&#x902;</subfield>
    <subfield code="p">A-169763</subfield>
    <subfield code="r">2016-03-04 00:00:00</subfield>
    <subfield code="t">6</subfield>
    <subfield code="v">900.00</subfield>
    <subfield code="w">2016-03-04</subfield>
    <subfield code="y">HN</subfield>
  </datafield>
  <datafield tag="952" ind1=" " ind2=" ">
    <subfield code="0">0</subfield>
    <subfield code="1">0</subfield>
    <subfield code="3">v 3</subfield>
    <subfield code="4">0</subfield>
    <subfield code="7">1</subfield>
    <subfield code="8">REF</subfield>
    <subfield code="a">L</subfield>
    <subfield code="b">L</subfield>
    <subfield code="d">2016-03-05</subfield>
    <subfield code="e">Cen Lib/Ret</subfield>
    <subfield code="g">900.00</subfield>
    <subfield code="l">0</subfield>
    <subfield code="o">821 &#x939;&#x930;&#x93F;&#x935;&#x902;</subfield>
    <subfield code="p">A-169760</subfield>
    <subfield code="r">2016-03-05 00:00:00</subfield>
    <subfield code="v">900.00</subfield>
    <subfield code="w">2016-03-05</subfield>
    <subfield code="y">HN</subfield>
  </datafield>
  <datafield tag="952" ind1=" " ind2=" ">
    <subfield code="0">0</subfield>
    <subfield code="1">0</subfield>
    <subfield code="3">v 8</subfield>
    <subfield code="4">0</subfield>
    <subfield code="7">1</subfield>
    <subfield code="8">REF</subfield>
    <subfield code="a">L</subfield>
    <subfield code="b">L</subfield>
    <subfield code="d">2016-03-19</subfield>
    <subfield code="e">Cen Lib/Ret</subfield>
    <subfield code="g">900.00</subfield>
    <subfield code="l">0</subfield>
    <subfield code="o">821 &#x939;&#x930;&#x93F;&#x935;&#x902;</subfield>
    <subfield code="p">A-169765</subfield>
    <subfield code="r">2016-03-19 00:00:00</subfield>
    <subfield code="t">2</subfield>
    <subfield code="v">900.00</subfield>
    <subfield code="w">2016-03-19</subfield>
    <subfield code="y">HN</subfield>
  </datafield>
</record>
